00291nam a2200109Ia 4500008004100000100001800041245005500059250001200114260003900126300000800165650000800173191201s2009 xx 000 0 und d aVERMA,Animesh 0aLove Life and Dream on an IITians Story of Romance a6th IMP aN. DelhibSrishti Publishersc2009 a185 aBBA